00837nam a2200241 a 450000100060000000300080000600500170001400800410003103500190007204000270009104100110011808200240012910000280015324501160018126000460029730000290034350000920037250400290046465000160049365000210050965000220053083000430055229560BD-RjUL20211209051428.0140403s1966 enka 000 0 eng  a(BD-RjUL)29645 aDLCcIORbengdBD-RjUL1 aengswe a136.7353bSAP 19691 aSandström, Carl Ivar.14aThe psychology of childhood and adolescence /c C. I. Sandström. Translated [from the Swedish] by Albert Read aLondon :bMethuen,c1966 [Reprited 1969] a259 p. :bill., ;c23 cm aOriginally published as Barn- och ungdomspsykologi. Stockholm, Almqvist & Wiksell, 1961 aBibliography: p. 251-252 0aAdolescence 0aChild psychology 0aChild development 0aMethuen's manuals of modern psychology